000 00612nam a2200205 a 4500
003 PILC
005 20160201103913.0
008 090108s19uu xx 00 eng d
020 _a13:9780814474419
050 _aBF 1729.B8
_b.W45 2008
100 _aWeiss, Steven Mark.
245 _aSigns of success :
_bthe remarkable power of business astrology /
_cSteven Mark Weiss.
260 _aU.S.A :
_bSteven Mark Weiss,
_c2008.
300 _a260 pages :
_billustrations ;
_c24 cm.
500 _aIncludes index.
650 _aBSBA.
650 _aAstrology and business.
942 _cBK
_2lcc
_kFOR
999 _c23404
_d23404